Issledovanija po teorii funkcij kompleksnovo peremennovo s priloženijami k mechanike splošnych sred

Gespeichert in:
Bibliographische Detailangaben
Format: Buch
Veröffentlicht: Kijev : Naukova dumka, 1986
Tags: Tag hinzufügen
Keine Tags, Fügen Sie das erste Tag hinzu!

MARC

LEADER 00000nam a22000003a 4500
001 stu20171
005 20141122080742.1
008 ------s1986----xxr---------------------d
040 |a STU  |b slo 
041 0
044 |a xxr 
080 |a 517.538 
245 |a Issledovanija po teorii funkcij kompleksnovo peremennovo s priloženijami k mechanike splošnych sred 
260 |a Kijev :  |b Naukova dumka,  |c 1986 
300 |a 207 s :  |b Tab.,grafy,lit 
996 |b C79563  |c C*79563  |l CCV  |s P  |a 0  |w stu20171_0001